000 00616nam a2200277Ia 4500
005 20260324134424.0
008 008 260324s9999 xx 000 0 eng d
020 _a9780203039557
037 _aEBOOK
040 _aCRL
040 _beng
040 _cCRL
041 _2eng
041 _aeng
084 _qCRL
100 _aJohn Layard
_91196758
245 0 _aLady Of The Hare
260 _bTaylor and Francis
260 _c2002
365 _a
365 _b350
856 _uhttp://www.taylorfrancis.com/books/9780203039557
942 _cEBOOK
999 _c1796843
_d1796843